<?xml version="1.0" encoding="UTF-8"?>
<record
    xmlns:xsi="http://www.w3.org/2001/XMLSchema-instance"
    xsi:schemaLocation="http://www.loc.gov/MARC21/slim http://www.loc.gov/standards/marcxml/schema/MARC21slim.xsd"
    xmlns="http://www.loc.gov/MARC21/slim">

  <leader>01795nam a2200349   4500</leader>
  <controlfield tag="001">395</controlfield>
  <controlfield tag="003">OSt</controlfield>
  <controlfield tag="005">20250414160803.0</controlfield>
  <controlfield tag="008">250414b        |||||||e |||| 00| 0 eng d</controlfield>
  <datafield tag="020" ind1=" " ind2=" ">
    <subfield code="a">8522102600</subfield>
  </datafield>
  <datafield tag="040" ind1=" " ind2=" ">
    <subfield code="b">por</subfield>
  </datafield>
  <datafield tag="041" ind1=" " ind2=" ">
    <subfield code="h">por</subfield>
    <subfield code="a">eng</subfield>
  </datafield>
  <datafield tag="082" ind1=" " ind2=" ">
    <subfield code="a">150.7 </subfield>
    <subfield code="b">N994t</subfield>
  </datafield>
  <datafield tag="100" ind1="1" ind2=" ">
    <subfield code="a">Nye, Robert D.,</subfield>
    <subfield code="d">1934-</subfield>
    <subfield code="9">838</subfield>
  </datafield>
  <datafield tag="240" ind1=" " ind2=" ">
    <subfield code="a">Three psychologies : perspectives from Freud, Skinner, and Rogers</subfield>
  </datafield>
  <datafield tag="245" ind1=" " ind2=" ">
    <subfield code="a">Tr&#xEA;s Psicologias  :</subfield>
    <subfield code="b">Ideias de Freud, Skinner e Rogers / </subfield>
    <subfield code="c">Nye, Robert D. ; Tradu&#xE7;&#xE3;o de Robert Brian Taylor</subfield>
  </datafield>
  <datafield tag="250" ind1=" " ind2=" ">
    <subfield code="a">6 &#xB0; edi&#xE7;&#xE3;o</subfield>
  </datafield>
  <datafield tag="260" ind1=" " ind2=" ">
    <subfield code="a">S&#xE3;o Paulo</subfield>
    <subfield code="b"> Pioneira Thomson Learning</subfield>
    <subfield code="c">2002</subfield>
  </datafield>
  <datafield tag="300" ind1=" " ind2=" ">
    <subfield code="a">195 p.</subfield>
  </datafield>
  <datafield tag="520" ind1=" " ind2=" ">
    <subfield code="a">As principais id&#xE9;ias de Freud, Skinner e Rogers t&#xEA;m estado h&#xE1; d&#xE9;cadas conosco, sem no entanto envelhecer. Ainda atraem a aten&#xE7;&#xE3;o, causam debate, estimulam pesquisas, cr&#xED;ticas e louvor. Na verdade, a abordagem psicanal&#xED;tica de Freud, o behaviorismo radical de Skinner e os pontos de vista humanistas de Rogers constituem tr&#xEA;s psicologias diferentes. De forma simples e objetiva, este livro apresenta e compara as principais id&#xE9;ias de tr&#xEA;s homens que contribu&#xED;ram imensamente para o pensamento psicol&#xF3;gico contempor&#xE2;neo. Estudantes, professores e profissionais encontrar&#xE3;o nesta obra farto material para auxiliar na compreens&#xE3;o e reflex&#xE3;o sobre o comportamento humano.

</subfield>
  </datafield>
  <datafield tag="650" ind1=" " ind2="0">
    <subfield code="a">Psicologia</subfield>
    <subfield code="9">831</subfield>
  </datafield>
  <datafield tag="650" ind1=" " ind2="0">
    <subfield code="a">Psicologia Comportamental </subfield>
    <subfield code="9">868</subfield>
  </datafield>
  <datafield tag="650" ind1=" " ind2="0">
    <subfield code="a">Psicologia Human&#xED;stica </subfield>
    <subfield code="9">869</subfield>
  </datafield>
  <datafield tag="650" ind1=" " ind2="0">
    <subfield code="a">Psican&#xE1;lise</subfield>
    <subfield code="9">839</subfield>
  </datafield>
  <datafield tag="650" ind1=" " ind2="0">
    <subfield code="a">Freud, Sigmund &#x2013; Teorias</subfield>
    <subfield code="9">840</subfield>
  </datafield>
  <datafield tag="650" ind1=" " ind2="0">
    <subfield code="a">Skinner, B. F. &#x2013; Teorias</subfield>
    <subfield code="9">841</subfield>
  </datafield>
  <datafield tag="650" ind1=" " ind2="0">
    <subfield code="a">Rogers, Carl &#x2013; Teorias</subfield>
    <subfield code="9">842</subfield>
  </datafield>
  <datafield tag="655" ind1=" " ind2="0">
    <subfield code="a">N&#xE3;o Fic&#xE7;&#xE3;o</subfield>
    <subfield code="9">102</subfield>
  </datafield>
  <datafield tag="655" ind1=" " ind2="0">
    <subfield code="a">T&#xE9;cnico-cient&#xED;fico</subfield>
    <subfield code="9">835</subfield>
  </datafield>
  <datafield tag="700" ind1=" " ind2=" ">
    <subfield code="a">Robert Brian Taylor</subfield>
    <subfield code="9">843</subfield>
    <subfield code="e">TRADUTOR</subfield>
  </datafield>
  <datafield tag="942" ind1=" " ind2=" ">
    <subfield code="2">ddc</subfield>
    <subfield code="n">0</subfield>
    <subfield code="c">BK</subfield>
  </datafield>
  <datafield tag="952" ind1=" " ind2=" ">
    <subfield code="0">0</subfield>
    <subfield code="1">0</subfield>
    <subfield code="2">ddc</subfield>
    <subfield code="4">0</subfield>
    <subfield code="7">0</subfield>
    <subfield code="8">NFIC</subfield>
    <subfield code="a">BIBIB</subfield>
    <subfield code="b">BIBIB</subfield>
    <subfield code="c">PF</subfield>
    <subfield code="d">2025-04-14</subfield>
    <subfield code="e">doa&#xE7;&#xE3;o</subfield>
    <subfield code="l">0</subfield>
    <subfield code="o">150.7  / N994t</subfield>
    <subfield code="p">2025-17334</subfield>
    <subfield code="r">2025-04-14 07:58:34</subfield>
    <subfield code="w">2025-04-14</subfield>
    <subfield code="y">BK</subfield>
  </datafield>
  <datafield tag="999" ind1=" " ind2=" ">
    <subfield code="c">395</subfield>
    <subfield code="d">395</subfield>
  </datafield>
</record>
